Catálogo
 En Linea

Don Mon & Doña Mónica / (Registro nro. 15540)

Detalles MARC
000 -CABECERA
campo de control de longitud fija 00735nam a2200205 a 4500
001 - NÚMERO DE CONTROL
campo de control 000015998
005 - FECHA Y HORA DE LA ÚLTIMA TRANSACCIÓN
campo de control 20240530073918.0
008 - DATOS DE LONGITUD FIJA--INFORMACIÓN GENERAL
campo de control de longitud fija 100223s2008 dr a 000 f spa d
040 ## - FUENTE DE LA CATALOGACIÓN
Centro catalogador/agencia de origen DO-SdBNP
Lengua de catalogación spa
Centro/agencia transcriptor BNPHU
082 ## - NÚMERO DE LA CLASIFICACIÓN DECIMAL DEWEY
Número de clasificación RD863.44
Número de documento/Ítem S162d
100 1# - ENTRADA PRINCIPAL--NOMBRE DE PERSONA
Nombre de persona Saldívar de los Santos, René Antonio
9 (RLIN) 35940
245 10 - MENCIÓN DE TÍTULO
Título Don Mon & Doña Mónica /
Mención de responsabilidad, etc. René Antonio Saldívar de los Santos.
260 ## - PUBLICACIÓN, DISTRIBUCIÓN, ETC.
Lugar de publicación, distribución, etc. La Vega, República Dominicana :
Nombre del editor, distribuidor, etc. Impresos Andy,
Fecha de publicación, distribución, etc. 2008.
300 ## - DESCRIPCIÓN FÍSICA
Extensión 243 p. :
Otras características físicas il. ;
Dimensiones 21 cm.
590 ## - NOTA LOCAL (RLIN)
Nota local La biblioteca posee 3 ejemplares autografiados por el autor
590 ## - NOTA LOCAL (RLIN)
Nota local Inventariado, 2020 /MAA
650 #0 - PUNTO DE ACCESO ADICIONAL DE MATERIA--TÉRMINO DE MATERIA
Término de materia o nombre geográfico como elemento de entrada Novela dominicana
9 (RLIN) 223
650 #0 - PUNTO DE ACCESO ADICIONAL DE MATERIA--TÉRMINO DE MATERIA
Término de materia o nombre geográfico como elemento de entrada Literatura dominicana.
9 (RLIN) 67
910 ## - DATOS DE OPCIÓN DEL USUARIO (OCLC)
Datos de opción del usuario Validado. Control de calidad MMOLINA
Existencias
Estado de retiro Estado de pérdida Restricciones de uso No para préstamo Código de colección Localización permanente Ubicación/localización actual Ubicación en estantería Fecha de adquisición Número de inventario Total de préstamos Signatura topográfica completa Código de barras Fecha visto por última vez Número de copia Precio válido a partir de Tipo de ítem Koha
        Dominicana de Servicio General General Depósito 23.02.2010 LF1   RD863.44 S162d 15998-30 25.06.2020 e.3 25.06.2020 Libro y Folleto Colección Dominicana de Servicio
        Dominicana de Servicio General General Depósito 19.02.2020 LF1   RD863.44 S162d 15998-50 25.06.2020 e.4 25.06.2020 Libro y Folleto Colección Dominicana de Servicio
      Excluido de préstamo Patrimonio Dominicano Patrimonio Dominicano Patrimonio Dominicano Depósito 23.02.2010 LF1   RD863.44 S162d 15998-10 25.06.2020   25.06.2020 Libro y Folleto Colección Patrimonio Dominicano
      Excluido de préstamo Patrimonio Dominicano Patrimonio Dominicano Patrimonio Dominicano Depósito 23.02.2010 LF1   RD863.44 S162d 15998-20 25.06.2020 e.2 25.06.2020 Libro y Folleto Colección Patrimonio Dominicano

Con tecnología Koha